| 000 | 01851cam a2200409 i 4500 | ||
|---|---|---|---|
| 001 | 17860670 | ||
| 003 | PILC | ||
| 005 | 20150227133607.0 | ||
| 008 | 130820t20142014pauab b 001 0 eng | ||
| 010 | _a 2013033817 | ||
| 020 | _a9781451191042 (pbk.) | ||
| 020 | _a1451191049 (pbk.) | ||
| 035 | _a(DNLM)101615340 | ||
| 040 |
_aDNLM/DLC _cDLC _erda _dDLC |
||
| 042 | _apcc | ||
| 050 | 0 | 0 |
_aRA 776.75 _b.H432 2014 |
| 060 | 1 | 0 | _aWT 104 |
| 082 | 0 | 0 | _a613.2 |
| 130 | 0 | _aHealthy aging (Burggraf) | |
| 245 | 1 | 0 |
_aHealthy aging : _bprinciples and clinical practice for clinicians / _cVirginia Burggraf, RN, DNS, FAAN, Marcella J. Griggs Endowed Chair, Gerontological Nursing Coordinator Graduate Program, Radford University, Radford, Virginia, Kye Y. Kim, MD, Professor and Director, Academic Affairs, Department of Psychiatry and Behavioral Medicine, Virginia Tech Carilion School of Medicine, Roanoke, Virginia, Aubrey L. Knight, MD, Associate Dean for Student Affairs, Professor of Medicine and Family & Community Medicine, Virginia Tech Carilion School of Medicine, Roanoke, Virginia. |
| 260 |
_aPhiladelphia : _bWolters Kluwer/Lippincott Williams & Wilkins, _cc2014. |
||
| 300 |
_axviii, 707 pages : _c23 cm _billustrations (some color), color map ; |
||
| 504 | _aIncludes bibliographical references and index. | ||
| 521 | _aNursing | ||
| 650 | 1 | 2 | _aAging. |
| 650 | 2 | 2 | _aAged. |
| 650 | 2 | 2 |
_aClinical Medicine _xmethods. |
| 650 | 2 | 2 | _aHealth Behavior. |
| 650 | 2 | 2 | _aHealth Services for the Aged. |
| 650 | 2 | 2 | _aLongevity. |
| 700 | 1 |
_aBurggraf, Virginia, _eeditor. |
|
| 700 | 1 |
_aKim, Kye Y., _eeditor. |
|
| 700 | 1 |
_aKnight, Aubrey L., _eeditor. |
|
| 906 |
_a7 _bcbc _corignew _d1 _eecip _f20 _gy-gencatlg |
||
| 942 |
_2lcc _cBK |
||
| 999 |
_c283638 _d283638 |
||